000 00519nam a2200217Ia 4500
005 20250425161630.0
008 250425s9999 xx 000 0 und d
020 _a0853121303
041 _aeng
082 _a620.0015153
100 _aIRONS, BRUCE
245 0 _aTECHNIQUES OF FINITE ELEMENTS
250 _aS.E.
260 _aCHICHESTER
260 _aReino Unido
_bELLIS HORWOOD LIMITED
_c1986
300 _a529
650 _aELEMENTOS FINITOS
700 _aAHMAD, SOHRAB
942 _c01
010 _a24643
999 _c212949
_d212949